=LDR 00000nam 2200000 4500 =001 NUTBA000000000004004 =005 20140901115636.0 =006 =007 =008 =020 ##$$a 979-692-593-1 =035 ##$$a 0010-091400000000037 =040 ##$$a NBPDMAT =082 ##$$a 540.1 =084 ##$$a 540.1 Sum k =100 ##$$a Sumar Handayana =245 ##$$a kimia pemisahan : metode kromatografi dan elektrobonesis modern / $c Sumar Handayana =250 ##$$a Cet. 2 =260 ##$$a Bandung : $b Rosdakarya , $c 2010 =300 ##$$a x, 156 hlm. ; $c 24 cm. =500 ##$$a Bibliografi : hlm. 156 =650 ##$$a KIMIA =990 ##$$a 21407962 =990 ##$$a 0001/BPAP-NTB/20142014 =990 ##$$a 0001/BPAP-NTB/20142014 =990 ##$$a 0001/BPAP-NTB/20142014 =990 ##$$a 0001/BPAP-NTB/20142014 =990 ##$$a 0001/BPAP-NTB/20142014 =990 ##$$a 0001/BPAP-NTB/20142014 =990 ##$$a 0001/BPAP-NTB/20142014 =990 ##$$a 0001/BPAP-NTB/20142014 =990 ##$$a 0001/BPAP-NTB/20142014 =990 ##$$a 0001/BPAP-NTB/20142014 =990 ##$$a 0001/BPAP-NTB/20142014